| 000 | 02036nam a2200217Ia 4500 | ||
|---|---|---|---|
| 003 | Ost | ||
| 005 | 20260507075004.0 | ||
| 008 | 260507s9999||||xx |||||||||||||| ||und|| | ||
| 040 | _cfsecg | ||
| 041 | _aara | ||
| 082 | _a350 | ||
| 100 |
_aرفعت، محمد عبد الوهاب _eمؤلف |
||
| 245 | 0 |
_aالإدارة العامة / _c محمد عبد الوهاب رفعت |
|
| 260 |
_aالقاهرة: _bدار الجامعة الجديدة, _c2008 |
||
| 300 |
_a472 صفحة؛ _c24 سم |
||
| 520 | _aتجد في هذا الكتاب الباب التمهيدي طبيعة علم الادارة العامة ، تحديد المقصود بالادارة العامة ، التعريف بعلم الادارة العامة ، علاقة علم الادارة العامة بالعلوم الاجتماعية الاخرى ، تطور علم الدارة العامة ، المنهج العلمي وأساليب البحث في الادارة العامة الباب الاول التخطيط التعريف بالتخطيط وتبيان عناصره الاساسية ، صور التخطيط والمبادئ العامة التي تحكمه ، نظرية التخطيط في جمهورية مصر العربية الباب الثاني : التنظيم الاداري التعريف بالتنظيم الاداري وبأشكاله ، أنواع التنظيمات الرسمية ، المبادئ العامة للتنظيم الاداري ، الكفاية الادارية واعادة التنظيم ، تفويض السلطة الباب الثالث : التنسيق الاتصالات التنسيق ، الاتصالات الباب الرابع الرقابة على الادارة العامة الباب الخامس القيادة الادارية واتخاذ القرارات القيادة الادارية ، اتخاذ القرارات | ||
| 653 | _aالإدارة العامة | ||
| 653 | _aالعلوم الاجتماعية | ||
| 653 | _aالمنهج العلمي | ||
| 942 | _cكتاب | ||
| 999 |
_c42097 _d42097 |
||